Institute of Building Control resource book 2000-2001 (Record no. 101381)

MARC details
000 -LEADER
fixed length control field 00611cam a2200217 4500
001 - CONTROL NUMBER
control field J112267
008 - FIXED-LENGTH DATA ELEMENTS--GENERAL INFORMATION
fixed length control field 000000n2000 000 0 eng u
035 ## - SYSTEM CONTROL NUMBER
System control number (Sirsi) u112267
110 ## - MAIN ENTRY--CORPORATE NAME
Corporate name or jurisdiction name as entry element Institute of Building Control
9 (RLIN) 3341
245 ## - TITLE STATEMENT
Title Institute of Building Control resource book 2000-2001
260 ## - PUBLICATION, DISTRIBUTION, ETC.
Place of publication, distribution, etc. Epsom
Name of publisher, distributor, etc. IBC
Date of publication, distribution, etc. 2000
300 ## - PHYSICAL DESCRIPTION
Extent 52p. ; 30cm.
520 ## - SUMMARY, ETC.
Summary, etc. Held in storage in the basement
650 ## - SUBJECT ADDED ENTRY--TOPICAL TERM
Topical term or geographic name entry element IBC
650 ## - SUBJECT ADDED ENTRY--TOPICAL TERM
Topical term or geographic name entry element INSTITUTE OF BUILDING CONTROL
650 ## - SUBJECT ADDED ENTRY--TOPICAL TERM
Topical term or geographic name entry element STRUCTURE
650 ## - SUBJECT ADDED ENTRY--TOPICAL TERM
Topical term or geographic name entry element COMMITTEES
650 ## - SUBJECT ADDED ENTRY--TOPICAL TERM
Topical term or geographic name entry element PROFESSIONAL ASSOCIATIONS
690 ## - LOCAL SUBJECT ADDED ENTRY--TOPICAL TERM (OCLC, RLIN)
Topical term or geographic name as entry element PROFESSIONAL PRACTICE
942 ## - ADDED ENTRY ELEMENTS (KOHA)
Suppress in OPAC 0
Holdings
Withdrawn status Lost status Source of classification or shelving scheme Damaged status Not for loan Home library Current library Shelving location Date acquired Total Checkouts Full call number Barcode Date last seen Copy number Price effective from Koha item type Date last checked out
    Dewey Decimal Classification     London London Basement 30/04/2001   BASEMENT 30064178 06/08/2019 1 06/08/2019 Reference material  
    Dewey Decimal Classification     London London Basement 30/04/2001 1 BASEMENT 30064179 06/08/2019 2 06/08/2019 Reference material 05/01/2007